书目信息 |
| 题名: |
信息经济学讲义
|
|
| 作者: | 董保民 著 | |
| 分册: | ||
| 出版信息: | 北京 中国人民大学出版社 2005.03 |
|
| 页数: | 266页 | |
| 开本: | 23cm | |
| 丛书名: | ||
| 单 册: | ||
| 中图分类: | F062.5 | |
| 科图分类: | ||
| 主题词: | 信息经济学 | |
| 电子资源: | ||
| ISBN: | 7-300-06369-1 | |
| 000 | 00587nam0 2200205 450 | |
| 001 | 0833720310 | |
| 005 | 20081205152757.64 | |
| 010 | @a7-300-06369-1@dCNY22.00 | |
| 100 | @a20081205d2005 km y0chiy0120 ea | |
| 101 | 0 | @achi |
| 102 | @aCN@b110000 | |
| 200 | 1 | @a信息经济学讲义@Axin xi jing ji xue jiang yi@f董保民著@Fdong bao min zhu |
| 210 | @a北京@c中国人民大学出版社@d2005.03 | |
| 215 | @a266页@d23cm | |
| 300 | @a21世纪经济学系列教材 | |
| 606 | 0 | @a信息经济学 |
| 690 | @aF062.5@v4 | |
| 701 | 0 | @a董保民@Adong bao min@4著 |
| 801 | 0 | @aCN@bNISOFT@c20081205 |
| 905 | @aBZT@dF062.5@e1@f5 | |
| 信息经济学讲义/董保民著.-北京:中国人民大学出版社,2005.03 |
| 266页;23cm |
| 21世纪经济学系列教材 |
| ISBN 7-300-06369-1:CNY22.00 |
| ● |
| 相关链接 |
|
|
|
正题名:信息经济学讲义
索取号:F062.5/1
 
预约/预借
| 序号 | 登录号 | 条形码 | 馆藏地/架位号 | 状态 | 备注 |
| 1 | 0687607 | 2000687607 | 样本书库/样004架B面5层3列/ [索取号:F062.5/1] | 在馆 | |
| 2 | 0687608 | 2000687608 | 中心书库北库/ 北库006架B面1列3层44/ [索取号:F062.5/1] | 在馆 | |
| 3 | 0687609 | 2000687609 | 中心书库北库/ 北库006架B面1列3层43/ [索取号:F062.5/1] | 在馆 | |
| 4 | 0687610 | 2000687610 | 中心书库北库/ 北库006架B面1列3层45/ [索取号:F062.5/1] | 在馆 | |
| 5 | 0687611 | 2000687611 | 中心书库北库/ 北库006架B面1列3层46/ [索取号:F062.5/1] | 在馆 |